000 00467nam a22001577a 4500
008 130821s1924 fr gr fre
040 _aCo-BoUCM
_bspa
041 0 0 _afre
100 _aGuyon, Rene
_9150609
245 0 0 _aAnthologie Bouddhique
_cRene Guyon
260 _aParís (Francia)
_bG. Cres et Cie
_c1924
300 _a203 páginas
650 0 4 _aBudismo
_910234
942 _cLIBRO
_a4
_e1
_mG89
_n0
_2DEWEY
_h294.3
999 _c87617
_d87617